Everything you need to know to talk your way to success

Bibliographic Details
Main Author: Kaplan, Burton
Format: Book
Published: New Jersey : Prentice Hall , 2006
Subjects:

MARC

LEADER 00000cam a2200000 7i4500
001 0000016109
005 20080422.0
008 080422
020 |a 0132890674 
090 0 0 |a 158.2   |b KAP 
100 1 |a Kaplan, Burton 
245 1 0 |a Everything you need to know to talk your way to success   |c Burton Kaplan 
260 |a New Jersey :   |b Prentice Hall ,   |c 2006 
650 0 |a Influence (Psychology) 
650 0 |a Interpersonal communication 
650 0 |a Persuasion (Psychology) 
650 0 |a Success   |x Psychological aspects 
999 |a 0001018891   |b Book   |c Adult Collection   |e Perbadanan Perpustakaan Awam Johor